005010000a2200157000450024500950000065000160009565000300011165000230014165000180016465100210018204100130020370000210021670000200023710000180025777300680027510aMammalian community structure in lowland, tropical Peru, as determined by removal trapping14aMamíferos14aEcología de poblaciones14aBosques tropicales14aBiodiversidad 4pAmazonia, Perú0 aInglés1 aSlade, Norman A.1 aTimm, Robert M.1 aWoodman, Neal1 tZoological Journal of the Linnean Society3187h113q1-20d1995